Principles of fluorescence spectroscopy

Saved in:
Bibliografiske detaljer
Hovedforfatter: Lakowicz, Joseph R (Author)
Format: Bog
Sprog:engelsk
Udgivet: New York, USA Springer 2006
Udgivelse:Third edition
Serier:Biomedicine
Fag:
Online adgang:Disponible Online
Tags: Tilføj Tag
Ingen Tags, Vær først til at tagge denne postø!

MARC

LEADER 00000nam a2200000 a 4500
001 UCG4378
003 CL-VaPUC
005 20210619001412.0
008 101028e20060000US |||||||||||||||||eng|d
999 |c 343138  |d 343136 
020 |a 9780387312781 
040 |c Pontificia Universidad Católica de Valparaíso 
082 0 4 |a 543.56 LAK 2006  |2 21 
100 |a Lakowicz, Joseph R  |e author  |9 586122 
245 1 0 |a Principles of fluorescence spectroscopy 
250 |a Third edition 
260 |a New York, USA  |b Springer  |c 2006 
300 |a 954 páginas  
490 0 |a Biomedicine 
583 |a last modification  |c 20101028 00:00:00  |k Rodrigo Vera 
650 0 |a Espectroscopía  |9 306791 
856 |u http://bibliografiadigital.pucv.cl.pucv.idm.oclc.org/index.php/bibliotecapucv/catalog/book/505  |y Disponible Online  
942 |c BK  |2 ddc 
945 |d 20101028 00:00:00  |a mfarfan 
952 |0 0  |1 0  |4 0  |6 543_560000000000000_LAK_2006  |7 0  |8 A  |9 440172  |a BIBCUR  |b BIBCUR  |d 2019-11-22  |i 4729811  |l 7  |m 2  |o 543.56 LAK 2006  |p 4729811  |r 2025-04-22  |s 2024-03-26  |w 2019-11-22  |y BK  |k CBQ